Statistics for Asia's biggest cities A-Z (January 2019 version)

Click here to take the quiz!

General Stats

  • This quiz has been taken 19 times
  • The average score is 16 of 26

Answer Stats

LetterPopulationCity% Correct
B20,400,000Beijing
87%
C11,000,000Chennai
87%
D29,400,000Delhi
87%
A8,250,000Ahmedabad
80%
G45,600,000Guangzhou
80%
J30,600,000Jakarta
80%
K17,300,000Karachi
80%
T40,200,000Tokyo
80%
M25,200,000Manila
73%
W8,850,000Wuhan
73%
I15,800,000Istanbul
67%
L12,600,000Lahore
67%
S35,900,000Shanghai
67%
U3,975,000Ürümqi
67%
X9,900,000Xiamen
67%
F4,250,000Fuzhou
60%
N10,500,000Nagoya
60%
O17,700,000Osaka
60%
Z5,350,000Zhengzhou
60%
H9,850,000Hyderabad
53%
Q5,950,000Qingdao
47%
R7,750,000Riyadh
47%
E1,070,000Erbil
40%
P6,700,000Pune
33%
Y5,500,000Yangon
33%
V2,175,000Vadodara
13%

Score Distribution

Percentile by Number Answered

Percent of People with Each Score

Your Score History

You have not taken this quiz